00774nam a22002057a 4500003000400000020001500004082001900019245011200038260004500150300001000195440004500205546001200250650005000262650002100312700001800333700002400351942001200375999001900387952016200406OSt a0521215048 a598.25bPIN/GR aGranivorous birds in ecosystems:btheir evolution, populations, energetics, adaptations, impact and control aLondonbCambridge university pressc1977 a431p. aInternational Biological ProgrammevV.12 aEnglish aVariation and evolution in a granivorous bird aAvian energetics aPinowski, Jan aKendiegh, S Charles 2ddccBK c162550d162550 00102ddc40708GenaKAUCLVbKAUCLVcGENERALd2018-11-12l0o598.25 PIN/GRp906412r2018-11-12 00:00:00yBKzBook transferred from CoH Library, Acc.No: 4628